Fastest typing from 1 to 30 - Statistics

General Stats
  • This quiz has been taken 545 times
  • The average score is 33 of 50
Answer Stats
Answer % Correct
1
100%
2
100%
3
100%
4
99%
5
98%
6
98%
7
98%
8
98%
9
98%
10
95%
11
92%
12
92%
14
92%
13
91%
16
91%
17
91%
18
91%
15
90%
19
89%
21
88%
20
83%
22
81%
23
81%
25
80%
24
79%
26
78%
27
76%
28
73%
29
71%
30
68%
31
56%
32
49%
34
48%
33
46%
35
44%
36
42%
37
41%
38
38%
39
37%
41
32%
40
31%
42
31%
43
27%
45
25%
44
24%
46
20%
47
18%
48
18%
49
18%
50
16%
No matching quizzes found
Score Distribution
Percent of People with Each Score
Percentile by Number Answered
Your Score History
You have not taken this quiz